000 00544nam a22001817a 4500
007 00
008 170425b xxu||||| |||| 00| 0 eng d
020 _a978-2-7071-5953-3
040 _aBUAC
_cBUC
041 _aFre.
100 _aFROMMER, Franck
245 _aLa Pensée powerpoint :
_benquête sur ce logiciel qui rend stupide
_c/ par Fanck Frommer
260 _aParis :
_bEditions La Découverte,
_c2010.
300 _a259 p.
_c22 cm.
630 _aGENERALITES. SCIENCES DE L'INFORMATION
650 _aINFORMATIQUE
942 _cLBA
999 _c56270
_d56270